Διερεύνηση, με κοινωνικούς, οικονομικούς και περιβαλλοντικούς όρους, μιας αυτο-διατηρούμενης προοπτικής ανάπτυξης της ευρύτερης περιοχής του υγροβιότοπου Ντίπι-Λάρσου, στον κόλπο της Γέρας : πτυχιακή εργασία

Αποθηκεύτηκε σε:
Λεπτομέρειες βιβλιογραφικής εγγραφής
Κύριος συγγραφέας: Μπιμπίτσος, Χρήστος Κ.
Συγγραφή απο Οργανισμό/Αρχή: Πανεπιστήμιο Αιγαίου. Σχολή Περιβάλλοντος. Τμήμα Περιβάλλοντος
Άλλοι συγγραφείς: Τρούμπης, Ανδρέας (Εισηγητής διατριβής)
Μορφή: Thesis Βιβλίο
Γλώσσα:Greek
Δημοσίευση: Μυτιλήνη : Πανεπιστήμιο Αιγαίου, Σχολή Περιβάλλοντος, Τμήμα Περιβάλλοντος, 1992
Θέματα:
Διαθέσιμο Online:http://hdl.handle.net/11610/9772
Ετικέτες: Προσθήκη ετικέτας
Δεν υπάρχουν, Καταχωρήστε ετικέτα πρώτοι!

MARC

LEADER 00000cam a2200000 i 4500
001 1/3367
008 000519s1992 gre d
035 |l 10060773 
040 |a GR-MY-UA  |b gre  |e aacr 
041 0 |a gre 
082 0 |a 333.72  |2 (22) 
100 1 |a Μπιμπίτσος, Χρήστος Κ. 
245 1 0 |a Διερεύνηση, με κοινωνικούς, οικονομικούς και περιβαλλοντικούς όρους, μιας αυτο-διατηρούμενης προοπτικής ανάπτυξης της ευρύτερης περιοχής του υγροβιότοπου Ντίπι-Λάρσου, στον κόλπο της Γέρας :  |b πτυχιακή εργασία /  |c Μπιμπίτσος Χρήστος Κ. ; υπεύθυνος καθηγητής: Ανδρέας Ι. Τρούμπης 
260 |a Μυτιλήνη :   |b Πανεπιστήμιο Αιγαίου, Σχολή Περιβάλλοντος, Τμήμα Περιβάλλοντος,   |c 1992 
300 |a 115 σ.;  |b εικ., πιν.;  |c 30 εκ. 
502 |a Πτυχιακή εργασία – Πανεπιστήμιο Αιγαίου, Λέσβος, 1992. 
650 0 |a Wetland management  |z Greece  |z Yera. 
650 0 |a Sustainable development  |z Greece  |z Yera. 
650 0 0 |a Dissertations, Academic  |z Greece. 
700 1 |a Τρούμπης, Ανδρέας.  |4 ths 
710 2 |a Πανεπιστήμιο Αιγαίου.   |b Σχολή Περιβάλλοντος.   |b Τμήμα Περιβάλλοντος. 
852 |a INST  |b LESVOS  |c DIATR  |e 20000519  |h 33  |p 005100024415  |q 005100024415  |t DIE  |y 23 
856 |u http://hdl.handle.net/11610/9772 
901 |a BIBL1-2000-2 
909 |a Λ  |b 078753 
924 |a ΜΠΙΜΠΙΣΚΟΣ  |b ΧΡΗΣΤΟΣ Κ.  |y ΛΕΣΒΟΣ  |z 1993-03 
970 |a ΑΙΒΑΤΖΙΔΟΥ  |b ΕΛΕΝΗ  |z 2000/05/19